000 00779nam a2200169 i 4500
001 189409
003 ES-MaACL
005 20230906223451.0
008 190530s1884 sp |||| | spa d
100 1 _aNoguès, Alphonse-François.
_9130513
245 1 0 _aMemoria exposición sumaria de la empresa minera denominada La California Española /
_cAlfonso Francisco Nogués.
260 _aSevilla :
_b[s.n.],
_c1884.
300 _a24 p. ;
_c23 cm.
610 2 4 _aLa California Española.
_9167166
650 4 _aMinas de oro-
_zAndalucía.
_9167165
852 _aES-MaACL
_jB-8927(15)
_z.- Legado de Federico de Botella y de Hornos
_z.- Encuadernado en un vol. facticio agrupado con el nombre en el lomo: España, geología, memorias y documentos varios 41 al 56
_z.- Ded. ms. del autor
999 _c189409
_d189409